Membros do Super Junior (ot9) - Statistics

Estatísticas Gerais
  • Esse quiz foi jogado 3 vezes
  • A pontuação média é 5 de 9
Estatísticas das Respostas
Resposta % Correto
Siwon
100%
Donghae
67%
Eunhyuk
67%
Leeteuk
67%
Shindong
67%
Yesung
67%
Heechul
33%
Kyuhyun
33%
Ryeowook
33%
Nenhum quiz correspondente encontrado
Distribuição das Pontuações
Porcentagem de Pessoas com Cada Pontuação
Percentil de Números Respondidos
Sua Pontuação Histórica
Você não jogou esse quiz